The moon and more

שמור ב:
מידע ביבליוגרפי
מחבר ראשי: Dessen, Sarah
פורמט: ספר
שפה:Undetermined
יצא לאור: Penguin Viking 2013
נושאים:
תגים: הוספת תג
אין תגיות, היה/י הראשונ/ה לתייג את הרשומה!
Thư viện lưu trữ: Trung tâm Học liệu Trường Đại học Cần Thơ
LEADER 00455nam a2200169Ia 4500
001 CTU_225029
008 210402s9999 xx 000 0 und d
082 |a 813.6 
082 |b D475 
100 |a Dessen, Sarah 
245 4 |a The moon and more 
245 0 |c Sarah Dessen. 
260 |a Penguin 
260 |b Viking 
260 |c 2013 
650 |a Câu chuyện của trẻ,Children's stories. 
980 |a Trung tâm Học liệu Trường Đại học Cần Thơ